000 00831nam a2200277Ia 4500
001 Z_1799
003 CHAP
008 220113s1997 xx 000 0 und d
010 _a164891
040 _cCHAP
090 _aTesis D 1210
100 _aDelgadillo Martínez, Julián
_931572
245 _aMelilotus albus : leguminosas forrajera inoculada con Rhizobium en la rehabilitación de tepetates /
_cpor Julián Delgadillo Martínez
260 _aChapingo, Méx. :
_bEl autor,
_c1997
300 _a88 h.
502 _aTesis (Ing. Agr. Esp. en Zootecnia) -- UACH. Departamento de Zootecnia
650 _aLeguminosas
_xInoculadas
_9138952
650 _aMelilotus Albus
_974351
650 _aRhizobium
_997124
901 _aTESIS D 1210
902 _aM
910 _a1997
942 _c2
942 _c2
999 _c164891
_d164891